[Event "Hannover-ch U16/18"]
[Site "Lehrte"]
[Date "2011.10.17"]
[Round "5"]
[White "Michel, Felix Simon"]
[Black "Barnewitz, Max Otto"]
[Result "0-1"]
[WhiteElo "985"]
[BlackElo "1310"]
[PlyCount "44"]
[EventDate "2011.10.15"]
[EventType "swiss"]
[EventRounds "7"]
[EventCountry "GER"]
[SourceTitle "EXT 2021"]
[Source "ChessBase"]
[SourceDate "2020.10.23"]
[SourceVersion "1"]
[SourceVersionDate "2020.10.23"]
[SourceQuality "1"]

1. e4 e5 2. Nf3 Nc6 3. Bc4 Bc5 4. c3 Nf6 5. d4 exd4 6. cxd4 Bb4+ 7. Bd2 Nxe4 8. Bxb4 Nxb4 9. Qe2 d5 10. Nc3 0-0 11. Nxe4 dxe4 12. Ng5 Qxg5 13. 0-0 Bh3 14. Qxe4 Rfe8 15. Qxb7 c6 16. g3 Qf6 17. Qxb4 Qf3 18. Bxf7+ Kxf7 19. Qc4+ Kf8 20. Qxc6 Qxc6 21. f3 Bxf1 22. Rxf1 Re2 0-1

[Event "Hannover-ch U14"]
[Site "Lehrte"]
[Date "2008.10.12"]
[Round "4"]
[White "Barnewitz, Max Otto"]
[Black "Michel, Felix Simon"]
[Result "1-0"]
[WhiteElo "942"]
[BlackElo "878"]
[PlyCount "65"]
[EventDate "2008.10.11"]
[EventType "swiss"]
[EventRounds "7"]
[EventCountry "GER"]
[SourceTitle "EXT 2021"]
[Source "ChessBase"]
[SourceDate "2020.10.23"]
[SourceVersion "1"]
[SourceVersionDate "2020.10.23"]
[SourceQuality "1"]

1. e4 e5 2. Nf3 Nc6 3. Bc4 Bc5 4. d3 Nge7 5. 0-0 d6 6. h3 0-0 7. c3 Bd7 8. d4 Bb6 9. b4 exd4 10. Nxd4 a5 11. b5 Ne5 12. Be2 Qe8 13. a4 c6 14. c4 c5 15. Nf3 N7g6 16. Nc3 Qc8 17. Kh2 Nf4 18. Bxf4 Nxf3+ 19. Bxf3 Re8 20. Nd5 Bd8 21. Bxd6 b6 22. Re1 g6 23. Ra3 Re6 24. Bg3 Ra7 25. Bg4 Re8 26. Rd3 h5 27. Bxd7 Rxd7 28. Nf6+ Bxf6 29. Rxd7 Bd4 30. Rxd4 cxd4 31. Qxd4 Qe6 32. f3 f5 33. exf5 1-0